Vplyv a význam ochrannej známky prejavujúci sa v podnikateľskej činnosti podnikov v SR

Výskum vplyvu a významu ochrannej známky prejavujúcom sa v podnikateľskej činnosti podnikov v SR. Podiel ochrannej známky na výsledkoch podnikateľskej činnosti podniku v jednotlivých odvetviach hospodárstva. Spôsoby, resp. nástroje akými sa podniky snažia zlepšovať vnímanie a znalosť svojej značky,...

ver descrição completa

Na minha lista:
Detalhes bibliográficos
Autor principal: Križan, Martin
Outros Autores: Fabian, Peter
Formato: Capítulo de Livro
Idioma:eslovaco
Assuntos:
Tags: Adicionar Tag
Sem tags, seja o primeiro a adicionar uma tag!

MARC

LEADER 00000nla$a2200000$$$4500
001 0114244
005 20240502072255.2
041 0 |a slo 
044 |a SK 
245 1 0 |a Vplyv a význam ochrannej známky prejavujúci sa v podnikateľskej činnosti podnikov v SR  |c Martin Križan, Peter Fabian 
520 |a Výskum vplyvu a významu ochrannej známky prejavujúcom sa v podnikateľskej činnosti podnikov v SR. Podiel ochrannej známky na výsledkoch podnikateľskej činnosti podniku v jednotlivých odvetviach hospodárstva. Spôsoby, resp. nástroje akými sa podniky snažia zlepšovať vnímanie a znalosť svojej značky, resp. ochrannej známky. Odporúčania vyplývajúce z realizovaného výskumu. 
610 2 0 |a firmy 
610 2 0 |a známky ochranné 
610 2 0 |a Slovensko 
100 1 |a Križan, Martin 
700 1 |a Fabian, Peter